Pokémon - Méga-Évolutions - Mort Subite #2 - Statistiques

Statistiques générales
  • Ce quiz a été pris 314 fois
    27 depuis la dernière actualisation
  • Le résultat moyen est 12 sur 20
Answers on the Grid
Answers color-coded by a green-red scale on the quiz's grid according to % correct below.
Alakazam
Blizzaroi
Scovilain
Roitiflam
Airmure
Dracaufeu
Zeraora
Golgopathe
Galeking
Gardevoir
Jungko
Latios
Némélios
Lockpin
Aligatueur
Nanméouïe
Nigirigon
Mélodelfe
Scarabrute
Goupelin
Pohmarmotte
Chartor
Clamiral
Feunard
Grahyena
Grodoudou
Grolem
Hyporoi
Libégon
Lokhlass
Nostenfer
Dunaconda
Simularbre
Smogogo
Tauros
Angoliath
 
Statistiques - réponses
Réponse % Correct
Latios
77%
Dracaufeu
73%
Alakazam
68%
Galeking
68%
Gardevoir
68%
Lockpin
68%
Aligatueur
64%
Blizzaroi
64%
Jungko
64%
Nanméouïe
64%
Roitiflam
64%
Scarabrute
64%
Goupelin
59%
Airmure
55%
Golgopathe
55%
Mélodelfe
55%
Scovilain
50%
Némélios
45%
Nigirigon
45%
Zeraora
41%
Aucun quiz correspondant
Distribution des résultats
% des personnes avec chaque résultat
Percentile par nombre de réponses
Votre historique - résultats
Vous n’avez pas pris ce quiz depuis la dernière actualisation